| 000 | 01212nam0a2200337 4500 | ||
|---|---|---|---|
| 001 | RU\NLR\bibl\1787468 | ||
| 005 | 20260405220730.0 | ||
| 010 |
_a978-5-389-01591-3 _95000 |
||
| 021 |
_aRU _b2011-44743 _93172 |
||
| 035 | _a(nilc)RSL-KNO-004958689 | ||
| 035 | _a(NLR Aleph) 001778186 | ||
| 090 |
_a1680649 _c1680649 |
||
| 100 | _a20110621d2011 |||y0rusy50 ca | ||
| 101 | 1 |
_arus _cfre |
|
| 102 | _aRU | ||
| 105 | _ay zzzz||||| | ||
| 200 | 1 |
_aСмерть от тысячи ран _eроман _fD.О.А. _g[пер. с фр. М. Брусовани] |
|
| 210 |
_aСанкт-Петербург _cАзбука _d2011 |
||
| 215 |
_a249, [2] с. _d21 |
||
| 225 | 1 | _aДетектив - международный бестселлер | |
| 300 | _aНа 4-й с. обл. авт.: псевд. DOA (Dead on arrival / Мертв по прибытии) | ||
| 686 |
_aШ5(4Фр)62-644.6 _2rubbk |
||
| 686 | _aШ6(4Фр)67-446{Лх1649-60} | ||
| 700 | 0 |
_4070 _8fre _7ba _aD. O. A. _cпсевдоним _f1968- _3RU\NLR\AUTH\7799130 _982056 |
|
| 801 | 0 |
_aRU _bRuMoRKP _c20110621 _grcr |
|
| 801 | 1 |
_aRU _bRuMoRGB _c20110621 |
|
| 801 | 2 |
_aRU _bNLR _c20110711 _grcr |
|
| 942 | _cBOOK | ||
| 980 | _aNB | ||
| 980 | _aNBR | ||